Načítá se...
The personnel man and his job
| Hlavní autor: | |
|---|---|
| Médium: | Printed Book |
| Jazyk: | English |
| Vydáno: |
Bombay
D.B. Taraporevala Sons
1962
|
| LEADER | 00482nam a22001457a 4500 | ||
|---|---|---|---|
| 005 | 20151026130211.0 | ||
| 008 | 090915t xxu||||| |||| 00| 0 eng d | ||
| 080 | |a 658.3 |b FIN | ||
| 100 | |a Finley, Robert B. [ed.] |e ed.by |9 4357 | ||
| 245 | |a The personnel man and his job | ||
| 300 | |a 448p. | ||
| 942 | |c BK |6 _ | ||
| 260 | |a Bombay |b D.B. Taraporevala Sons |c 1962 |9 4358 | ||
| 999 | |c 1980 |d 1980 | ||
| 952 | |0 0 |1 0 |2 udc |4 0 |6 6583_FIN |7 0 |9 9699 |a UL |b UL |d 2009-09-15 |o 658.3 FIN |p 00011760 |r 2009-09-15 |w 2009-09-15 |y BK | ||